Khoa học pháp lý

Đã lưu trong:
Sonraí Bibleagrafaíochta
Formáid: Leabhar
Teanga:Undetermined
Foilsithe: Hà Nội Trường Đại học Luật thành phố Hồ Chí Minh 2019
Ábhair:
Clibeanna: Cuir Clib Leis
Gan Chlibeanna, Bí ar an gcéad duine leis an taifead seo a chlibeáil!
Thư viện lưu trữ: Trung tâm Học liệu Trường Đại học Cần Thơ
LEADER 00558nam a2200169Ia 4500
001 CTU_229414
008 210402s9999 xx 000 0 und d
082 |a 342 
082 |b Kh401 
245 0 |a Khoa học pháp lý 
245 0 |c Trường Đại học Luật thành phố Hồ Chí Minh 
260 |a Hà Nội 
260 |b Trường Đại học Luật thành phố Hồ Chí Minh 
260 |c 2019 
650 |a Civil law,Luật dân sự 
904 |i T.Trang 
980 |a Trung tâm Học liệu Trường Đại học Cần Thơ